000 00281nam a22001337a 4500
008 171201b xxu||||| |||| 00| 0 eng d
020 _a020103286
041 _aeng
080 _a311
100 _a55
101 _aSTA
245 _aAPPLIED STATISTICS
_cNETER,J
942 _2udc
_cBK
999 _c38696
_d38696